| 000 | 00752nam a22002417a 4500 | ||
|---|---|---|---|
| 999 |
_c13776 _d13776 |
||
| 003 | MIRAKIL | ||
| 005 | 20200219123057.0 | ||
| 008 | 200219b tu ||||| |||| 00| 0 tur d | ||
| 020 | _a9786058254909 | ||
| 040 |
_aTR-AnCHP _cTR-AnCHP |
||
| 041 | _atur | ||
| 082 |
_a344.56101 _bİ7 2017 |
||
| 245 | 1 | 0 |
_aİş ve ticaret hukuku uygulama kılavuzu/ _cBPlus. |
| 246 | _aBirinci kitap iş hukuku uygulama kılavuzu | ||
| 250 | _a4 bs. | ||
| 260 |
_aBursa: _bBPLAS, _c2017. _fReklamland. |
||
| 300 |
_a592 s: _btbl.şkl.,fotg.; _c25 sm. |
||
| 650 | 0 |
_96287 _aİş hukuku _xkılavuzlar _zTürkiye |
|
| 650 | 0 |
_96288 _aTicaret hukuku _xkılavuzlar _zTürkiye |
|
| 740 | _aBirinci kitap iş hukuku uygulama kılavuzu | ||
| 942 |
_2ddc _cBKS |
||
| 999 | _d13776 | ||